000 00362nam a22001577a 4500
003 OSt
005 20211004102803.0
008 211004b |||||||| |||| 00| 0 eng d
020 _a8183870368
040 _aHU
_cDDC
082 _a330.954
245 _aGLOBALISATION AND WTO
260 _aNEW DELHI
_bSERIALS
_c2006
300 _a434,P,32CM
942 _2ddc
_cBOOKS
_n0
999 _c8871
_d8871